000 00681nam a2200217Ia 4500
003 GCL
008 140319s9999 xx 000 0 ara d
040 _aGCL /
_cGCL
082 0 4 _a301.35
_bم ع
100 1 _aعلياء على شكرى
_vContributor
_@
…شارك
245 1 0 _aعلم الاجتماع الريفى والحضرى /
_cعلياء على شكرى
700 1 _aمحمد الجوهرى
260 _a[S.N] :
_bلا يوجد ،
_c1994
300 _a459 ص
490 _a
650 0 4 _aالهجرة
650 0 4 _aالاجتماع الحضرى
650 0 4 _aالهجرة الداخلية
650 0 4 _aالاجتماع الريفى
942 _2ddc
_cBK
999 _c55391
_d55391